Anticipos de impuestos. Incompatibilidades con el buen derecho (Registro nro. 35822)
[ vista simple ]
| 000 -LEADER | |
|---|---|
| fixed length control field | 00364 a2200121 4500 |
| 001 - CONTROL NUMBER | |
| control field | ART_59374 |
| 005 - DATE AND TIME OF LATEST TRANSACTION | |
| control field | 20260410162051.0 |
| 008 - FIXED-LENGTH DATA ELEMENTS--GENERAL INFORMATION | |
| fixed length control field | 260409a |
| 100 1# - MAIN ENTRY--PERSONAL NAME | |
| Personal name | Vega, Juan Manuel |
| 245 10 - TITLE STATEMENT | |
| Title | Anticipos de impuestos. Incompatibilidades con el buen derecho |
| 700 1# - ADDED ENTRY--PERSONAL NAME | |
| Personal name | Vega, Gerardo E. |
| 773 0# - HOST ITEM ENTRY | |
| Title | Impuestos |
| Related parts | - N° 156 (sep. 2023) |
| Record control number | REV45175 |
No hay ítems disponibles.